000 00567pam a2200229 a 4500
001 532035
005 20180223071124.0
008 870824s1988 njua b 001 0 eng c
010 _a 87007328
020 _a0132770547
040 _aDNLM/DLC
_cDLC
_dDLC
041 _aeng
060 _aWK 100 H131e
080 _a599.0142 HAD
082 0 0 _a599.0142 HAD
_219
100 1 _a3
101 _aSHM
245 1 0 _aEndocrinology /
_cMac E. Hadley.
504 _aBibliography: p. 532-534.
906 _a7
_bcbc
_corignew
_d1
_eocip
_f19
_gy-gencatlg
942 _2ddc
_cBK
999 _c43242
_d43242